00365nam a2200133Ia 4500003000400000005001700004008004100021040000900062082001500071100001900086245007100105260004600176300000900222OSt20201211120846.0190216s9999||||xx |||||||||||||| ||und|| coclc a374bJAR/A aJarvis, Peter  0aAdult And Continuing Education Theory And Practice /cPeter Jarvis bNichols Publishing Com, c1983.aNewyork: a301p